Či môže byť pravý katolík sociáldemokratom? z nem. pôvodiny slobodne prepracované

Bibliographic Details
Main Author: Vojtaššák, Ján, 1877-1965 (Author)
Format: Book
Language:Slovak
German
PhysicalDescription:125 s. 8°
Published: [S.l.] časopis Svätá rodina 1923
Subjects:

MARC

LEADER 00000cam a2200000 a 4500
001 vtls008405215
003 SK-MaSNL
005 20260302004207.0
008 251124s1923 xo 000 0 slo
015 |a SKSNBA19191938-014061 
020 |q (brožované) 
035 |a SK01SNKBSKHR20020097432 
035 |a SKM000099895 
040 |a SNK  |b slo  |c SNK  |e AACR2 
041 1 |a slo  |h ger 
044 |a xo  |c SK 
080 |a 244  |2 1981 
080 |a 27-722.7  |2 2011 
080 |a (0:82-4)  |2 2011 
100 1 |a Vojtaššák, Ján,  |d 1877-1965  |4 aut  |9 38540 
245 1 0 |a Či môže byť pravý katolík sociáldemokratom?  |b z nem. pôvodiny slobodne prepracované  |c Michal 
260 |a [S.l.]  |b časopis Svätá rodina  |c 1923  |e Ružomberok  |f Lev 
300 |a 125 s.  |c 8° 
650 0 7 |a náboženská literatúra  |2 SNKPH  |9 1487 
650 0 7 |a katolíci  |2 SNKPH  |9 4025 
655 7 |a úvahy  |2 SNKPH  |9 29403 
852 |a Slovenská národná knižnica v Martine  |b 10000  |h MS SD 26589 
852 |a Slovenská národná knižnica v Martine  |b 10000  |h MS SD 713 
852 |a Univerzitná knižnica v Bratislave  |b 300000  |h SG 1526 
852 |a Univerzitná knižnica v Bratislave  |b 300000  |h SG 1236 
958 |a OND 
958 |a RK 
958 |a TL 
958 |a NT 
999 |c 994993  |d 996923 
952 |t P60, <04>, [BOOK], {604}  |a SNK  |b SNK  |y VYP  |7 0  |p 17A0397159  |o snkSD 713 D1  |i snkKSF 529/59  |0 0  |1 0  |4 0  |d 2003-10-30  |l 0  |r 2005-01-02 00:00:00  |w 2026-02-24